00484nam a2200181 a 4500001001300000003000900013005001700022008004100039020002400080082001300104100001600117245004400133260004200177300000900219500003500228650002300263700001600286nice12345678IN_TiNIC20260116014629.0070313s2002 newa grp 000 0 eng  a8177554484 c250000a190bLOC aLocke, John aAn Essay Concerning Human Understanding aNew Delhi bCosmo Publications c2002 a425p aincludes index and biblioraphy aPhilosophy-Western1 aLocke, John